000
00309nam a2200133Ia 4500
008
240624s9999 xx 000 0 und d
041
_a
eng
082
_a
891.46 BUT
100
_a
BUTE SHANTARAM
245
_a
RASHTRAPRATIBHA
260
_c
2008
_a
Akola
_b
Sunanda Prakashan
300
_a
91p.
365
_c
RS
_b
20
999
_c
11516
_d
11516